The Buddhism of Tibet or Lamaism

Bibliographic Details
Main Author: Waddell, L. Austine
Format: Book
Published: New Delhi : Aryan Books International , 1996
Series:The Masterpiece library of Buddhism 9
Subjects:

MARC

LEADER 00000cam a2200000 7i4500
001 0000039509
005 20131230.0
008 131230
020 |a 8173051046 
090 0 0 |a 294.3   |b WAD 
100 1 |a Waddell, L. Austine 
245 1 4 |a The Buddhism of Tibet or Lamaism   |c L. Austine Waddell 
260 |a New Delhi :   |b Aryan Books International ,   |c 1996 
440 |a The Masterpiece library of Buddhism 9 
650 0 |a Buddhism   |x Doctrines 
650 0 |a Buddhism   |x History 
650 0 |a Buddhism   |x Law 
650 0 |a Buddhism   |x Life experince 
650 0 |a Buddhism   |x Player 
650 0 |a Buddhism   |z Tibet 
999 |a 0001257927   |b Book   |c Adult Collection   |e Perbadanan Perpustakaan Awam Johor